| 000 | 00428nam a2200157Ia 4500 | ||
|---|---|---|---|
| 008 | 130318s9999 xx 000 0 und d | ||
| 020 | _a97818486096661 | ||
| 082 | _a658.4038 AND/I.4 | ||
| 100 | _aAnderson, Neil | ||
| 245 | _aInnovation and knowledge management. Vol 4 | ||
| 260 |
_bSage _aLondon _c2010 |
||
| 300 | _a462 | ||
| 650 | _aKNOWLEDGE MANAGEMENT | ||
| 650 | _aORGANIZATIONAL LEARNING | ||
| 700 | _aCosta, Ana Cristina | ||
| 999 |
_c1920 _d1920 |
||